000 00693cam a2200241 4500
999 _c740
_d740
001 .b13125722
003 OCoLC
005 20191205163102.0
008 050422r20042003enk 000 f eng d
020 _a0751536148
020 _a9780751536140
035 _a(OCoLC)59264918
040 _aUKV3G
_cUKV3G
_dUKM
_dYDXCP
_dOCLCG
_dBTCTA
_dPTTCL
042 _anbic
082 _aFIC ALB
100 1 _aAlbom, Mitch,
_d1958-
_eauthor
245 1 4 _aThe five people you meet in heaven /
_cMitch Albom.
260 _aLondon :
_bLittle, Brown,
_c2003.
300 _a231 p. ;
_c18 cm.
500 _aOriginally published: London: Little, Brown, 2003.
650 0 _aFuture life
_vFiction.
942 _2ddc
_cFIC